Statistics for U.S. States with the Most Endangered Species

Click here to take the quiz!

General Stats

  • This quiz has been taken 5,971 times
  • The average score is 8 of 10

Answer Stats

# State % Correct
300California
97%
135Florida
96%
102Texas
95%
503Hawaii
88%
64Arizona
79%
78Georgia
77%
132Alabama
68%
66North Carolina
59%
74Virginia
55%
101Tennessee
52%

Score Distribution

Percentile by Number Answered

Percent of People with Each Score

Your Score History

You have not taken this quiz